Wszystkie Polskie Powstania - Statystyki

Ogólne statystyki
  • Ten quiz został rozwiązany 90 razy
  • Średni wynik to 5 z 8
Statystyki odpowiedzi
Hint Odpowiedź % Poprawnych
3 Powstanie styczniowe
99%
2 Powstanie listopadowe
97%
7 powstanie Warszawskie
88%
5 Powstanie wielkopolskie
80%
1 Powstanie Kościuszkowskie
69%
6 powstanie śląskie
67%
4 Powstanie Krakowskie
44%
8 powstanie Zamojskiego
0%
Nie znaleziono quizów pasujących do podanych kryteriów
Rozkład punktacji
Procent ludzi z każdym wynikiem
Percentyl według liczby udzielonych odpowiedzi
Twoja historia wyników
Nie rozwiązałeś tego quizu